Datum a čas kvízu

44 Celkem bodů Celkový počet nahraných bodů na tomto kvízu bez doplňovacích otázek.
1. Pořadí na kvízu Konečné umístění týmu na tomto kvízu.

Zaznamenané odpovědi

# Otázka Odpověď Body Výsledky
1. Státní zastupitelství obvinilo... C 1
2. Francouzský prezident Emmanuel... v Arménii 1
3. V pondělí se opět konala benef... Heidi Klum 1
4. Minulý týden informovala média... B 1
5. Obrovského úspěchu dosáhla Rac... A 1
6. Téma začneme jednou z nejoblíb... Matěj Kotrba 1
7. V roce 2023 jsme mohli v kinec... Oppenheimer 1
8. Který herec si zahrál Hektóra,... Eric Bana 1
9. Půl bodu obdržíte za název fil... Statečné srdce (Braveheart); Mel Gibson 1
10. Který režisér je podepsán pod... C 1